000 00639nam a2200253Ia 4500
003 OSt
005 20221005131108.0
006 a|||||r|||| 00| 0
007 ta
008 221004b |||||||| |||| 00| 0 eng d
024 _a67967
037 _cTextual
040 _aCRL
_cCRL
_beng
041 _2eng
_aeng
082 _aXM25p2.N59, J9-;1
110 _aIndian Cooperative Union
_9639094
245 0 _aSeminar on cooperation
260 _c1959
300 _a.
_ccm.
650 _aECONOMICS
700 _aIndian Cooperative Union
_9639095
942 _hXM25p2.N59, J9-;1
_cTEXL
_2cc
999 _c1059311
_d1059311